Science Quiz

Random Science or Clickable Quiz

Feline or Lyin' Quiz Stats

Quiz Updated Dec 29, 2014

Challenge
Share
Tweet
Embed
Score 0/12 Timer 06:00
6 Plays Today
% Correct
Tiger
93.7%
Jaguar
93.6%
Lion
93.3%
Cheetah
93%
Cougar
92.6%
Lynx
91.9%
Snow Leopard
90.9%
Bobcat
90.5%
Ocelot
82.6%
Serval
51.2%
Fishing Cat
28.2%
Colocolo
18.3%

You're not logged in!

Compare scores with friends on all Sporcle quizzes.
Sign Up with Email
OR
Log In

You Might Also Like...

Show Comments

Extras

Top Quizzes Today


Score Distribution

Your Account Isn't Verified!

In order to create a playlist on Sporcle, you need to verify the email address you used during registration. Go to your Sporcle Settings to finish the process.

Report this User

Report this user for behavior that violates our Community Guidelines.

Details: